000 00512nam a2200157 4500
008 161012b xxu||||| |||| 00| 0 eng d
022 _a0893-8989
082 _aDPer 363.205 P75 Aug 2014- Apr 2015 v. 38-39
100 _916020
_aGriffith, David
245 _aGoing big/
_cDavid Griffith.
260 _aCalifornia:
_bBobit Business Media,
_cc2014-2015.
300 _av38 n11, pages 48-51;
_c28 cm.
500 _aPolice: The Law Enforcement Magazine.
650 0 _916021
_aPolice
_xVehicles
942 _2ddc
_cPER
999 _c5152
_d5152